[Event "WCO2014"]
[Site "Tromso"]
[Date "2014.08.09"]
[Round "7.21"]
[WhiteID "14201780"]
[White "Kurbonboeva Sarvinoz"]
[BlackID "3301680"]
[Black "Ramirez M. Eugenia"]
[Result "1-0"]
[LiveChessVersion "1.4.3"]
[BlackElo "2045"]
[WhiteElo "2228"]

1. d4 {[%clk 1:30:57]} Nf6 {[%clk 1:30:53]} 2. c4 {[%clk 1:31:21]} e6
{[%clk 1:31:14]} 3. Nf3 {[%clk 1:31:44]} c5 {[%clk 1:31:37]} 4. d5
{[%clk 1:32:08]} exd5 {[%clk 1:31:57]} 5. cxd5 {[%clk 1:32:33]} d6
{[%clk 1:32:19]} 6. Nc3 {[%clk 1:32:46]} g6 {[%clk 1:32:37]} 7. Nd2
{[%clk 1:33:01]} Nbd7 {[%clk 1:29:19]} 8. e4 {[%clk 1:32:50]} Bg7
{[%clk 1:29:07]} 9. Nc4 {[%clk 1:33:05]} Nb6 {[%clk 1:27:09]} 10. Ne3
{[%clk 1:32:56]} O-O {[%clk 1:27:07]} 11. Bd3 {[%clk 1:32:38]} Re8
{[%clk 1:25:40]} 12. O-O {[%clk 1:32:36]} Nfd7 {[%clk 1:22:35]} 13. Qe2
{[%clk 1:23:29]} a6 {[%clk 1:14:20]} 14. a4 {[%clk 1:22:44]} c4 {[%clk 1:09:55]}
15. Bc2 {[%clk 1:11:10]} a5 {[%clk 0:54:15]} 16. Nxc4 {[%clk 0:57:50]} Bxc3
{[%clk 0:49:31]} 17. bxc3 {[%clk 0:52:28]} Qc7 {[%clk 0:40:52]} 18. Nxb6
{[%clk 0:50:17]} Nxb6 {[%clk 0:41:05]} 19. Qd3 {[%clk 0:48:51]} f5
{[%clk 0:39:53]} 20. f3 {[%clk 0:41:58]} Bd7 {[%clk 0:33:26]} 21. Be3
{[%clk 0:39:52]} Nc4 {[%clk 0:33:37]} 22. Bd4 {[%clk 0:38:58]} Rac8
{[%clk 0:26:39]} 23. Rfe1 {[%clk 0:33:02]} f4 {[%clk 0:21:23]} 24. Qd1
{[%clk 0:28:23]} Re7 {[%clk 0:15:24]} 25. Qc1 {[%clk 0:27:18]} Rf8
{[%clk 0:14:51]} 26. Bd3 {[%clk 0:24:21]} Ne5 {[%clk 0:14:16]} 27. Bf1
{[%clk 0:24:42]} g5 {[%clk 0:13:21]} 28. Ra2 {[%clk 0:22:38]} h5 {[%clk 0:11:51]}
29. c4 {[%clk 0:21:43]} Rc8 {[%clk 0:11:19]} 30. Qa1 {[%clk 0:21:35]} Be8
{[%clk 0:06:43]} 31. Rc1 {[%clk 0:20:47]} b6 {[%clk 0:05:20]} 32. Rb2
{[%clk 0:17:27]} Nd7 {[%clk 0:04:22]} 33. Rbb1 {[%clk 0:15:07]} Rb8
{[%clk 0:02:35]} 34. Qb2 {[%clk 0:11:55]} Nc5 {[%clk 0:01:04]} 35. Bf6
{[%clk 0:09:26]} Nxa4 {[%clk 0:01:23]} 36. Qd2 {[%clk 0:09:40]} Rg7
{[%clk 0:00:39]} 37. e5 {[%clk 0:04:29]} Qc5+ {[%clk 0:00:35]} 38. Kh1
{[%clk 0:04:53]} Rg6 {[%clk 0:01:00]} 39. Bd3 {[%clk 0:04:53]} Qd4
{[%clk 0:01:01]} 40. Qc2 {[%clk 0:01:04]} Rxf6 {[%clk 0:01:17]} 41. exf6
{[%clk 0:00:49]} Qxf6 {[%clk 0:01:32]} 42. Bf5 {[%clk 0:22:56]} Nc5
{[%clk 0:31:01]} 43. Rb2 {[%clk 0:22:13]} Na4 {[%clk 0:27:22]} 44. Ra2
{[%clk 0:21:01]} Nc5 {[%clk 0:27:39]} 45. Re1 {[%clk 0:21:16]} Kg7
{[%clk 0:25:29]} 46. Qb1 {[%clk 0:20:52]} Bf7 {[%clk 0:16:15]} 47. Rae2
{[%clk 0:19:56]} Rb7 {[%clk 0:16:38]} 48. Bc2 {[%clk 0:19:03]} b5
{[%clk 0:15:07]} 49. cxb5 {[%clk 0:16:05]} Bxd5 {[%clk 0:15:18]} 50. Re8
{[%clk 0:14:40]} Bf7 {[%clk 0:14:48]} 51. Ra8 {[%clk 0:12:28]} Qc3
{[%clk 0:14:57]} 52. Rc1 {[%clk 0:12:18]} Qa3 {[%clk 0:13:40]} 53. Rd1
{[%clk 0:12:09]} d5 {[%clk 0:12:52]} 54. Rc8 {[%clk 0:09:16]} Nd7
{[%clk 0:10:11]} 55. Bf5 {[%clk 0:06:32]} Nb6 {[%clk 0:08:31]} 56. Rc6
{[%clk 0:04:40]} Nc4 {[%clk 0:07:59]} 57. Bc8 {[%clk 0:04:28]} Rb6
{[%clk 0:07:03]} 58. Qf5 {[%clk 0:03:55]} Qe7 {[%clk 0:07:15]} 59. Rg1
{[%clk 0:00:36]} Rxb5 {[%clk 0:06:58]} 60. h4 {[%clk 0:00:39]} Ne3
{[%clk 0:05:06]} 61. Qd3 {[%clk 0:00:57]} Rb4 {[%clk 0:04:53]} 62. Qa6
{[%clk 0:00:36]} a4 {[%clk 0:03:52]} 63. Rgc1 {[%clk 0:00:36]} Nc4
{[%clk 0:03:56]} 64. hxg5 {[%clk 0:00:39]} Qxg5 {[%clk 0:03:04]} 65. Qa7
{[%clk 0:01:09]} Ne3 {[%clk 0:03:13]} 66. Bh3 {[%clk 0:01:22]} Rc4
{[%clk 0:01:51]} 67. R1xc4 {[%clk 0:01:21]} Nxc4 {[%clk 0:01:34]} 68. Rc7
{[%clk 0:01:22]} Ne5 {[%clk 0:01:36]} 69. Qxa4 {[%clk 0:01:29]} Qg3
{[%clk 0:01:24]} 70. Qa1 {[%clk 0:01:31]} Qg5 {[%clk 0:00:51]} 71. Be6
{[%clk 0:01:27]} Kf8 {[%clk 0:00:45]} 72. Qa3+ {[%clk 0:01:09]} Kg7
{[%clk 0:00:57]} 73. Qc3 {[%clk 0:01:24]} d4 {[%clk 0:00:38]} 74. Qxd4
{[%clk 0:01:03]} Qh4+ {[%clk 0:00:56]} 75. Bh3 {[%clk 0:01:31]} Qe1+
{[%clk 0:01:11]} 76. Qg1 {[%clk 0:01:54]} Qxg1+ {[%clk 0:00:49]} 77. Kxg1
{[%clk 0:02:23]} Kf6 {[%clk 0:01:10]} 78. Rc5 {[%clk 0:02:22]} Bc4
{[%clk 0:01:03]} 79. Ra5 {[%clk 0:02:31]} Bd3 {[%clk 0:01:19]} 80. Kf2
{[%clk 0:02:22]} Bc4 {[%clk 0:01:28]} 81. Ke1 {[%clk 0:02:08]} h4
{[%clk 0:01:08]} 82. Kd2 {[%clk 0:00:52]} Bf1 {[%clk 0:01:26]} 83. Kc3
{[%clk 0:00:44]} Be2 {[%clk 0:00:45]} 84. Rc5 {[%clk 0:00:43]} Bf1
{[%clk 0:01:02]} 85. Ra5 {[%clk 0:00:33]} Be2 {[%clk 0:01:21]} 86. Rd5
{[%clk 0:00:38]} Bf1 {[%clk 0:01:04]} 87. Rc5 {[%clk 0:01:01]} Be2
{[%clk 0:00:55]} 88. Kd4 {[%clk 0:01:23]} Ng6 {[%clk 0:00:49]} 89. Ke4
{[%clk 0:01:45]} Bf1 {[%clk 0:00:51]} 90. Bf5 {[%clk 0:00:37]} Ne7
{[%clk 0:00:53]} 91. Bh3 {[%clk 0:00:38]} Ng6 {[%clk 0:00:56]} 92. Rc1
{[%clk 0:00:33]} Bb5 {[%clk 0:00:59]} 93. Rc5 {[%clk 0:00:56]} Bf1
{[%clk 0:01:17]} 94. Rf5+ {[%clk 0:01:15]} Kg7 {[%clk 0:01:35]} 95. Rxf4
{[%clk 0:01:25]} Bd3+ {[%clk 0:01:23]} 96. Ke3 {[%clk 0:01:48]} Nxf4
{[%clk 0:00:35]} 97. Kxf4 {[%clk 0:02:17]} Kg6 {[%clk 0:00:48]} 98. Kg4
{[%clk 0:02:39]} Kf6 {[%clk 0:01:02]} 99. f4 {[%clk 0:02:32]} Be2+
{[%clk 0:00:41]} 100. Kxh4 {[%clk 0:02:56]} Kg6 {[%clk 0:01:08]} 101. g4
{[%clk 0:03:14]} Bf3 {[%clk 0:01:26]} 102. f5+ {[%clk 0:03:24]} Kf6
{[%clk 0:01:51]} 103. Kg3 {[%clk 0:03:50]} Bd5 {[%clk 0:01:45]} 104. Kf4
{[%clk 0:04:16]} Kg7 {[%clk 0:02:07]} 105. g5 {[%clk 0:04:41]} Bf7
{[%clk 0:02:30]} 106. Bg2 {[%clk 0:04:38]} Bh5 {[%clk 0:02:47]} 107. f6+
{[%clk 0:03:52]} Kf7 {[%clk 0:01:44]} 108. Bd5+ {[%clk 0:04:18]} Kg6
{[%clk 0:02:06]} 109. Be4+ {[%clk 0:04:43]} Kf7 {[%clk 0:02:29]} 110. Ke5
{[%clk 0:05:10]} Bd1 {[%clk 0:02:02]} 111. g6+ {[%clk 0:05:34]} Ke8
{[%clk 0:02:01]} 112. Bc6+ {[%clk 0:05:30]} Kd8 {[%clk 0:02:07]} 113. g7 1-0

[Event "WCO2014"]
[Site "Tromso"]
[Date "2014.08.09"]
[Round "7.22"]
[WhiteID "3301630"]
[White "Cordero Daniela"]
[BlackID "14201437"]
[Black "Gevorgyan Irina"]
[Result "0-1"]
[LiveChessVersion "1.4.3"]
[BlackElo "2141"]
[WhiteElo "2010"]

1. d4 {[%clk 1:30:58]} d5 {[%clk 1:30:53]} 2. Nf3 {[%clk 1:31:24]} c6
{[%clk 1:31:16]} 3. c4 {[%clk 1:31:49]} Nf6 {[%clk 1:31:41]} 4. Qc2
{[%clk 1:32:16]} Na6 {[%clk 1:32:04]} 5. a3 {[%clk 1:26:11]} g6 {[%clk 1:32:14]}
6. cxd5 {[%clk 1:24:22]} cxd5 {[%clk 1:29:42]} 7. Nc3 {[%clk 1:22:16]} Bf5
{[%clk 1:26:53]} 8. Qa4+ {[%clk 1:20:24]} Bd7 {[%clk 1:26:01]} 9. Qb3
{[%clk 1:20:21]} Qb6 {[%clk 1:24:27]} 10. Qxb6 {[%clk 1:17:05]} axb6
{[%clk 1:24:49]} 11. Bg5 {[%clk 1:15:16]} Nc7 {[%clk 1:23:23]} 12. Bf4
{[%clk 1:11:28]} Nb5 {[%clk 1:12:21]} 13. Nxb5 {[%clk 0:51:39]} Bxb5
{[%clk 1:12:42]} 14. Rc1 {[%clk 0:52:07]} Nd7 {[%clk 1:07:12]} 15. e3
{[%clk 0:47:52]} Bc6 {[%clk 1:07:11]} 16. Be2 {[%clk 0:44:22]} f6
{[%clk 1:02:36]} 17. h4 {[%clk 0:40:16]} e6 {[%clk 1:00:03]} 18. g4
{[%clk 0:34:50]} h5 {[%clk 0:50:02]} 19. g5 {[%clk 0:31:12]} f5 {[%clk 0:50:25]}
20. O-O {[%clk 0:16:43]} Be7 {[%clk 0:45:37]} 21. Be5 {[%clk 0:16:46]} O-O
{[%clk 0:45:40]} 22. Rc3 {[%clk 0:12:12]} b5 {[%clk 0:43:04]} 23. Rfc1
{[%clk 0:11:54]} Ra4 {[%clk 0:40:40]} 24. Rxc6 {[%clk 0:08:06]} bxc6
{[%clk 0:41:03]} 25. Rxc6 {[%clk 0:08:33]} b4 {[%clk 0:41:09]} 26. Rc7
{[%clk 0:01:26]} Nxe5 {[%clk 0:41:12]} 27. Nxe5 {[%clk 0:01:51]} Bd6
{[%clk 0:41:31]} 28. Rc6 {[%clk 0:01:25]} Bxe5 {[%clk 0:41:45]} 29. dxe5
{[%clk 0:01:51]} bxa3 {[%clk 0:41:51]} 30. bxa3 {[%clk 0:02:16]} Re8
{[%clk 0:41:32]} 31. Rc3 {[%clk 0:00:46]} Re4 {[%clk 0:22:40]} 32. Bd3
{[%clk 0:00:33]} Rg4+ {[%clk 0:18:56]} 33. Kf1 {[%clk 0:00:57]} Rxh4
{[%clk 0:19:20]} 34. Bb5 {[%clk 0:00:44]} Re7 {[%clk 0:19:42]} 35. a4
{[%clk 0:00:43]} Rh1+ {[%clk 0:19:43]} 36. Kg2 {[%clk 0:01:10]} Ra1
{[%clk 0:20:04]} 37. Rc8+ {[%clk 0:00:56]} Kg7 {[%clk 0:20:23]} 38. Kh2
{[%clk 0:00:43]} Ra2 {[%clk 0:18:22]} 39. Kg3 {[%clk 0:00:35]} Ra3
{[%clk 0:18:17]} 40. Kg2 {[%clk 0:00:36]} h4 {[%clk 0:18:12]} 41. Rc1
{[%clk 0:06:41]} f4 {[%clk 0:43:50]} 42. Re1 {[%clk 0:05:02]} Rc7
{[%clk 0:43:35]} 43. Re2 {[%clk 0:03:30]} fxe3 {[%clk 0:41:47]} 44. fxe3
{[%clk 0:03:56]} Rcc3 {[%clk 0:42:01]} 45. Kf2 {[%clk 0:01:37]} h3
{[%clk 0:42:00]} 0-1

[Event "WCO2014"]
[Site "Tromso"]
[Date "2014.08.09"]
[Round "7.23"]
[WhiteID "14201771"]
[White "Kakhramonova Mokhinur"]
[BlackID "3301923"]
[Black "Estrada Lucia"]
[Result "1-0"]
[LiveChessVersion "1.4.3"]
[BlackElo "1974"]
[WhiteElo "2044"]

1. e4 {[%clk 1:30:58]} e6 {[%clk 1:30:36]} 2. d4 {[%clk 1:31:23]} d5
{[%clk 1:30:37]} 3. Nd2 {[%clk 1:31:46]} Nf6 {[%clk 1:30:58]} 4. e5
{[%clk 1:31:56]} Nfd7 {[%clk 1:30:49]} 5. Bd3 {[%clk 1:32:05]} c5
{[%clk 1:30:17]} 6. c3 {[%clk 1:32:27]} Nc6 {[%clk 1:30:29]} 7. Ne2
{[%clk 1:27:57]} Qb6 {[%clk 1:29:17]} 8. Nf3 {[%clk 1:27:29]} cxd4
{[%clk 1:28:30]} 9. cxd4 {[%clk 1:27:51]} f6 {[%clk 1:26:42]} 10. exf6
{[%clk 1:26:30]} Bb4+ {[%clk 1:19:56]} 11. Bd2 {[%clk 1:21:38]} Nxf6
{[%clk 1:20:07]} 12. O-O {[%clk 1:21:19]} O-O {[%clk 1:19:43]} 13. Bc3
{[%clk 1:10:24]} Bxc3 {[%clk 1:11:42]} 14. bxc3 {[%clk 1:10:32]} Qc7
{[%clk 1:09:40]} 15. Qd2 {[%clk 1:03:48]} e5 {[%clk 1:08:04]} 16. dxe5
{[%clk 1:03:37]} Nxe5 {[%clk 1:08:15]} 17. Nxe5 {[%clk 1:03:29]} Qxe5
{[%clk 1:08:32]} 18. f4 {[%clk 1:01:09]} Qe7 {[%clk 1:06:01]} 19. Nd4
{[%clk 0:56:57]} Bd7 {[%clk 1:02:54]} 20. Nf3 {[%clk 0:46:14]} Qc5+
{[%clk 0:54:21]} 21. Kh1 {[%clk 0:45:58]} Rac8 {[%clk 0:50:54]} 22. Rac1
{[%clk 0:45:45]} Bb5 {[%clk 0:46:54]} 23. Ne5 {[%clk 0:36:16]} Bxd3
{[%clk 0:38:25]} 24. Qxd3 {[%clk 0:29:03]} Rfd8 {[%clk 0:29:56]} 25. Qh3
{[%clk 0:23:21]} Re8 {[%clk 0:22:04]} 26. g4 {[%clk 0:14:32]} Ne4
{[%clk 0:20:55]} 27. Qg2 {[%clk 0:14:40]} Nxc3 {[%clk 0:19:33]} 28. Rxc3
{[%clk 0:14:24]} Qd4 {[%clk 0:15:20]} 29. Rd3 {[%clk 0:13:58]} Qe4
{[%clk 0:15:13]} 30. Rxd5 {[%clk 0:13:19]} Qa4 {[%clk 0:12:04]} 31. Rd2
{[%clk 0:12:34]} Qb5 {[%clk 0:10:12]} 32. Qd5+ {[%clk 0:11:00]} Qxd5+
{[%clk 0:10:34]} 33. Rxd5 {[%clk 0:11:27]} Rc2 {[%clk 0:10:34]} 34. Rd7
{[%clk 0:11:41]} Rxa2 {[%clk 0:10:10]} 35. Rc1 {[%clk 0:11:17]} Ra6
{[%clk 0:01:25]} 36. Rcc7 {[%clk 0:11:22]} 1-0

[Event "WCO2014"]
[Site "Tromso"]
[Date "2014.08.09"]
[Round "7.24"]
[WhiteID "3301346"]
[White "Prado Alexandra"]
[BlackID "14200201"]
[Black "Sabirova Olga"]
[Result "0-1"]
[LiveChessVersion "1.4.3"]
[BlackElo "2099"]
[WhiteElo "1831"]

1. e4 {[%clk 1:30:52]} e5 {[%clk 1:30:55]} 2. Nf3 {[%clk 1:31:03]} Nc6
{[%clk 1:31:18]} 3. d4 {[%clk 1:31:16]} exd4 {[%clk 1:31:40]} 4. Nxd4
{[%clk 1:31:35]} d6 {[%clk 1:30:46]} 5. Bc4 {[%clk 1:29:17]} Nf6 {[%clk 1:28:33]}
6. Nc3 {[%clk 1:27:12]} Be7 {[%clk 1:28:39]} 7. f3 {[%clk 1:20:55]} O-O
{[%clk 1:23:11]} 8. Be3 {[%clk 1:16:36]} Ne5 {[%clk 1:19:35]} 9. Bb3
{[%clk 1:15:39]} c5 {[%clk 1:18:14]} 10. Nde2 {[%clk 0:54:50]} c4
{[%clk 1:17:41]} 11. Ba4 {[%clk 0:40:34]} a6 {[%clk 1:17:35]} 12. h3
{[%clk 0:24:19]} b5 {[%clk 1:16:23]} 13. f4 {[%clk 0:23:57]} Nc6 {[%clk 1:08:47]}
14. Nxb5 {[%clk 0:15:37]} axb5 {[%clk 1:08:36]} 15. Bxb5 {[%clk 0:15:48]} Bb7
{[%clk 1:05:41]} 16. Bxc4 {[%clk 0:13:26]} Nxe4 {[%clk 1:04:16]} 17. g3
{[%clk 0:11:10]} Bf6 {[%clk 0:57:49]} 18. c3 {[%clk 0:08:31]} Qe7
{[%clk 0:57:45]} 19. Bf2 {[%clk 0:04:59]} Nxc3 {[%clk 0:55:52]} 20. bxc3
{[%clk 0:03:55]} Bxc3+ {[%clk 0:56:02]} 21. Kf1 {[%clk 0:04:07]} Bxa1
{[%clk 0:56:17]} 22. Qxa1 {[%clk 0:03:39]} Qe4 0-1

[Event "WCO2014"]
[Site "Tromso"]
[Date "2014.08.09"]
[Round "7.17"]
[WhiteID "13600168"]
[White "Arakhamia-Grant Ketevan"]
[BlackID "14603314"]
[Black "Srebrnic Ana"]
[Result "1-0"]
[LiveChessVersion "1.4.3"]
[BlackElo "2251"]
[WhiteElo "2394"]

1. e4 {[%clk 1:30:54]} e5 {[%clk 1:30:56]} 2. Bc4 {[%clk 1:30:59]} c6
{[%clk 1:29:14]} 3. Nf3 {[%clk 1:28:45]} d5 {[%clk 1:01:35]} 4. exd5
{[%clk 1:18:53]} cxd5 {[%clk 1:00:39]} 5. Bb5+ {[%clk 1:18:29]} Bd7
{[%clk 0:58:18]} 6. Qe2 {[%clk 1:15:45]} e4 {[%clk 0:51:16]} 7. Ne5
{[%clk 1:00:24]} Nf6 {[%clk 0:42:57]} 8. O-O {[%clk 0:41:05]} Bd6
{[%clk 0:38:01]} 9. Nxd7 {[%clk 0:31:41]} Nbxd7 {[%clk 0:36:31]} 10. d4
{[%clk 0:27:08]} O-O {[%clk 0:32:18]} 11. Nc3 {[%clk 0:27:23]} Nb6
{[%clk 0:27:31]} 12. Qd1 {[%clk 0:27:10]} Ne8 {[%clk 0:17:41]} 13. Re1
{[%clk 0:17:22]} f5 {[%clk 0:16:13]} 14. Bf1 {[%clk 0:17:26]} Nf6
{[%clk 0:10:18]} 15. g3 {[%clk 0:15:39]} Rc8 {[%clk 0:07:54]} 16. Bh3
{[%clk 0:14:17]} g6 {[%clk 0:07:11]} 17. Bg5 {[%clk 0:13:28]} Qc7
{[%clk 0:07:00]} 18. Nb5 {[%clk 0:10:42]} Qb8 {[%clk 0:07:23]} 19. a4
{[%clk 0:10:10]} a6 {[%clk 0:06:46]} 20. Nxd6 {[%clk 0:10:28]} Qxd6
{[%clk 0:07:12]} 21. a5 {[%clk 0:09:40]} Nbd7 {[%clk 0:07:32]} 22. Qd2
{[%clk 0:09:51]} Rf7 {[%clk 0:03:57]} 23. Bf4 {[%clk 0:08:16]} Qc6
{[%clk 0:04:17]} 24. Rac1 {[%clk 0:08:36]} Nf8 {[%clk 0:01:57]} 25. Bf1
{[%clk 0:07:07]} Ne6 {[%clk 0:01:37]} 26. c4 {[%clk 0:07:17]} Qd7
{[%clk 0:01:04]} 27. Be5 {[%clk 0:06:50]} Rd8 {[%clk 0:01:08]} 28. cxd5
{[%clk 0:05:58]} Nxd5 {[%clk 0:01:17]} 29. Bc4 {[%clk 0:06:04]} Nf8
{[%clk 0:00:36]} 30. Rc2 {[%clk 0:05:43]} Qa4 {[%clk 0:00:34]} 31. b3
{[%clk 0:05:52]} Qc6 {[%clk 0:00:35]} 32. Rec1 {[%clk 0:04:50]} Nd7
{[%clk 0:00:53]} 33. Bf4 {[%clk 0:04:21]} N7f6 {[%clk 0:00:38]} 34. Bg5
{[%clk 0:03:13]} Kg7 {[%clk 0:00:36]} 35. Bf1 {[%clk 0:02:11]} Qe6
{[%clk 0:00:51]} 36. Re1 {[%clk 0:01:33]} Rc7 {[%clk 0:00:52]} 37. Rxc7+
{[%clk 0:01:18]} Nxc7 {[%clk 0:01:20]} 38. Bf4 {[%clk 0:01:30]} Nb5
{[%clk 0:01:25]} 39. Bc4 {[%clk 0:01:20]} Qe7 {[%clk 0:00:50]} 40. d5
{[%clk 0:01:08]} Nd6 {[%clk 0:00:40]} 41. Rd1 {[%clk 0:24:11]} Kf7
{[%clk 0:21:32]} 42. Qd4 {[%clk 0:20:44]} Nd7 {[%clk 0:18:23]} 43. h4
{[%clk 0:20:19]} Re8 {[%clk 0:17:54]} 44. Bg5 {[%clk 0:11:56]} Qf8
{[%clk 0:12:16]} 45. Be2 {[%clk 0:10:53]} Rc8 {[%clk 0:10:07]} 46. Rc1
{[%clk 0:07:35]} Qg7 {[%clk 0:06:54]} 47. Qb4 {[%clk 0:06:15]} Rxc1+
{[%clk 0:02:39]} 48. Bxc1 {[%clk 0:06:40]} Qa1 {[%clk 0:02:52]} 49. Qxd6
{[%clk 0:06:43]} Qxc1+ {[%clk 0:03:18]} 50. Kg2 {[%clk 0:07:10]} Qc8
{[%clk 0:01:14]} 51. Qe6+ {[%clk 0:06:55]} Kf8 {[%clk 0:01:07]} 52. d6
{[%clk 0:04:33]} Qe8 {[%clk 0:00:58]} 53. Qd5 {[%clk 0:04:53]} e3
{[%clk 0:00:39]} 54. Qxb7 {[%clk 0:03:53]} exf2 {[%clk 0:00:46]} 55. Kxf2
{[%clk 0:03:58]} Qe6 {[%clk 0:00:36]} 56. Qxa6 {[%clk 0:03:36]} Kg7
{[%clk 0:00:34]} 57. Qd3 {[%clk 0:03:34]} Nf6 {[%clk 0:00:45]} 58. Bf3
{[%clk 0:02:59]} f4 {[%clk 0:00:53]} 59. Qd4 {[%clk 0:01:25]} Qxb3
{[%clk 0:00:36]} 60. gxf4 {[%clk 0:00:50]} Qa2+ {[%clk 0:00:45]} 61. Kg3
{[%clk 0:01:01]} Qxa5 {[%clk 0:00:55]} 62. Qe5 {[%clk 0:00:53]} Qd8
{[%clk 0:01:04]} 63. Be2 {[%clk 0:00:55]} Qd7 {[%clk 0:01:09]} 64. Kf2
{[%clk 0:00:47]} Qa7+ {[%clk 0:01:28]} 65. Kg2 {[%clk 0:01:01]} Qd7
{[%clk 0:01:36]} 66. h5 {[%clk 0:01:02]} Qf5 {[%clk 0:01:01]} 67. h6+
{[%clk 0:00:40]} Kxh6 {[%clk 0:01:03]} 68. Qxf5 {[%clk 0:00:59]} gxf5
{[%clk 0:01:29]} 69. Bb5 {[%clk 0:01:27]} Kh5 {[%clk 0:00:36]} 70. Kf3
{[%clk 0:01:35]} Kh4 {[%clk 0:00:33]} 71. d7 {[%clk 0:01:37]} Nxd7
{[%clk 0:00:59]} 72. Bxd7 {[%clk 0:02:03]} h5 {[%clk 0:01:26]} 73. Be8
{[%clk 0:01:53]} 1-0

[Event "WCO2014"]
[Site "Tromso"]
[Date "2014.08.09"]
[Round "7.18"]
[WhiteID "14601982"]
[White "Krivec Jana"]
[BlackID "2401428"]
[Black "Bamber Elaine"]
[Result "1-0"]
[LiveChessVersion "1.4.3"]
[BlackElo "2077"]
[WhiteElo "2259"]

1. e4 {[%clk 1:30:58]} d5 {[%clk 1:30:55]} 2. exd5 {[%clk 1:31:14]} Qxd5
{[%clk 1:31:18]} 3. Nc3 {[%clk 1:31:26]} Qd8 {[%clk 1:31:43]} 4. d4
{[%clk 1:25:45]} Nf6 {[%clk 1:32:07]} 5. Nf3 {[%clk 1:23:44]} c6 {[%clk 1:32:29]}
6. h3 {[%clk 1:07:21]} g6 {[%clk 1:28:55]} 7. Be3 {[%clk 1:03:32]} Bg7
{[%clk 1:28:11]} 8. Qd2 {[%clk 1:03:52]} Nbd7 {[%clk 1:21:48]} 9. Bh6
{[%clk 0:59:03]} Bxh6 {[%clk 1:20:59]} 10. Qxh6 {[%clk 0:59:29]} b5
{[%clk 1:13:15]} 11. Bd3 {[%clk 0:52:49]} Bb7 {[%clk 0:57:14]} 12. O-O
{[%clk 0:48:08]} Qc7 {[%clk 0:48:12]} 13. Ng5 {[%clk 0:27:06]} Rf8
{[%clk 0:36:34]} 14. Nxh7 {[%clk 0:14:14]} Nxh7 {[%clk 0:36:56]} 15. Qxh7
{[%clk 0:14:41]} O-O-O {[%clk 0:37:07]} 16. Qh4 {[%clk 0:14:48]} Nf6
{[%clk 0:36:44]} 17. Ne2 {[%clk 0:14:56]} Nh5 {[%clk 0:34:26]} 18. b4
{[%clk 0:10:04]} Rh8 {[%clk 0:33:02]} 19. a4 {[%clk 0:08:28]} bxa4
{[%clk 0:29:05]} 20. Rxa4 {[%clk 0:08:49]} Kb8 {[%clk 0:27:37]} 21. Rfa1
{[%clk 0:08:59]} g5 {[%clk 0:27:41]} 22. Qxg5 {[%clk 0:07:46]} f6
{[%clk 0:26:12]} 23. Qa5 {[%clk 0:05:14]} Qxa5 {[%clk 0:25:33]} 24. Rxa5
{[%clk 0:05:40]} Rdg8 {[%clk 0:25:24]} 25. g3 {[%clk 0:04:21]} Ng7
{[%clk 0:24:05]} 26. h4 {[%clk 0:03:59]} Ne8 {[%clk 0:24:04]} 27. Kf1
{[%clk 0:04:18]} Nc7 {[%clk 0:23:09]} 28. Rxa7 {[%clk 0:04:25]} e5
{[%clk 0:22:13]} 29. R7a5 {[%clk 0:04:18]} Nd5 {[%clk 0:22:02]} 30. b5
{[%clk 0:04:09]} Nb4 {[%clk 0:21:17]} 31. dxe5 {[%clk 0:03:14]} Nxd3
{[%clk 0:20:48]} 32. cxd3 {[%clk 0:03:38]} c5 {[%clk 0:20:47]} 33. exf6
{[%clk 0:03:10]} Rd8 {[%clk 0:20:27]} 34. R5a3 {[%clk 0:01:35]} Rhf8
{[%clk 0:20:23]} 35. Rc1 {[%clk 0:01:50]} Rd5 {[%clk 0:18:11]} 36. Nf4
{[%clk 0:01:55]} Rf5 {[%clk 0:18:24]} 37. Rac3 {[%clk 0:02:13]} Rc8
{[%clk 0:17:49]} 38. Ne6 {[%clk 0:02:06]} c4 {[%clk 0:17:17]} 39. Rxc4
{[%clk 0:01:37]} Rxc4 {[%clk 0:17:16]} 40. dxc4 {[%clk 0:01:57]} Rxf6
{[%clk 0:17:31]} 41. Nf4 {[%clk 0:01:10]} 1-0

[Event "WCO2014"]
[Site "Tromso"]
[Date "2014.08.09"]
[Round "7.19"]
[WhiteID "2400456"]
[White "Roy Ali"]
[BlackID "14607093"]
[Black "Kolaric Spela"]
[Result "0-1"]
[LiveChessVersion "1.4.3"]
[BlackElo "2043"]
[WhiteElo "1913"]

1. e4 {[%clk 1:30:57]} c5 {[%clk 1:30:37]} 2. Nf3 {[%clk 1:31:21]} e6
{[%clk 1:30:54]} 3. d4 {[%clk 1:31:47]} cxd4 {[%clk 1:30:53]} 4. Nxd4
{[%clk 1:32:11]} a6 {[%clk 1:30:48]} 5. Bd3 {[%clk 1:32:31]} Nc6 {[%clk 1:30:32]}
6. Nxc6 {[%clk 1:32:44]} dxc6 {[%clk 1:30:42]} 7. Nd2 {[%clk 1:31:46]} e5
{[%clk 1:28:48]} 8. Nc4 {[%clk 1:31:59]} Nf6 {[%clk 1:27:11]} 9. O-O
{[%clk 1:32:08]} Qc7 {[%clk 1:25:05]} 10. Be3 {[%clk 1:32:20]} Nd7
{[%clk 1:21:16]} 11. f4 {[%clk 1:15:10]} b5 {[%clk 1:18:37]} 12. Nxe5
{[%clk 1:07:02]} Nxe5 {[%clk 1:18:37]} 13. fxe5 {[%clk 1:07:25]} Qxe5
{[%clk 1:18:39]} 14. Qf3 {[%clk 0:59:22]} Be6 {[%clk 1:17:15]} 15. Kh1
{[%clk 0:49:52]} Bc5 {[%clk 1:11:17]} 16. Bf4 {[%clk 0:43:29]} Qxb2
{[%clk 1:04:23]} 17. e5 {[%clk 0:43:09]} Bd5 {[%clk 0:59:04]} 18. Qg4
{[%clk 0:38:30]} h5 {[%clk 0:53:02]} 19. Qg5 {[%clk 0:27:50]} Be7
{[%clk 0:49:58]} 20. Qf5 {[%clk 0:23:46]} g6 {[%clk 0:47:02]} 21. Qh3
{[%clk 0:23:51]} g5 {[%clk 0:46:14]} 22. Bd2 {[%clk 0:23:33]} g4 {[%clk 0:44:33]}
23. Qe3 {[%clk 0:22:55]} Qa3 {[%clk 0:37:31]} 24. Qf4 {[%clk 0:18:00]} O-O-O
{[%clk 0:31:56]} 25. Be3 {[%clk 0:14:04]} Kb7 {[%clk 0:23:22]} 26. Be2
{[%clk 0:12:15]} Rhg8 {[%clk 0:22:16]} 27. c4 {[%clk 0:10:30]} Bg5
{[%clk 0:21:24]} 28. Qg3 {[%clk 0:08:53]} h4 {[%clk 0:17:18]} 29. Qe1
{[%clk 0:09:13]} Bxg2+ {[%clk 0:16:41]} 30. Kxg2 {[%clk 0:09:19]} Qxe3
{[%clk 0:16:55]} 31. Rxf7+ {[%clk 0:08:52]} Kb8 {[%clk 0:15:06]} 32. Qf2
{[%clk 0:05:04]} Qe4+ {[%clk 0:13:16]} 33. Kf1 {[%clk 0:05:26]} Be3
{[%clk 0:13:28]} 34. Qg2 {[%clk 0:05:10]} Qxe5 {[%clk 0:13:23]} 35. Rb1
{[%clk 0:02:41]} Rgf8 {[%clk 0:13:05]} 36. Rxf8 {[%clk 0:02:28]} Rxf8+
{[%clk 0:13:30]} 37. Ke1 {[%clk 0:02:50]} Qc3+ {[%clk 0:13:55]} 38. Kd1
{[%clk 0:03:10]} Qd2# {[%clk 0:14:20]} 0-1